|
|
|
|
| LEADER |
00000nam a2200000 a 4500 |
| 001 |
UCY9034 |
| 003 |
CL-VaPUC |
| 008 |
950707e19740000SP |||||||||||||||||spa|d |
| 082 |
0 |
4 |
|a 372.41
|b GIL
|2 21
|
| 100 |
|
|
|a Gili Gaya, Samuel
|e author
|9 524203
|
| 245 |
1 |
0 |
|a Estudios de lenguaje infantil
|
| 300 |
|
|
|a 174 p
|
| 942 |
|
|
|c BK
|
| 945 |
|
|
|d 19950707 00:00:00
|a lriquelm
|
| 260 |
|
|
|a Barcelona
|b Biblograf
|c 1974
|
| 650 |
|
0 |
|a Niños
|9 255605
|
| 650 |
|
0 |
|a Desarrollo del lenguaje
|9 311270
|
| 650 |
|
0 |
|a Lenguaje infantil
|9 314705
|
| 650 |
|
0 |
|a Expresión oral
|9 334815
|
| 650 |
|
0 |
|a Lingüística
|9 265068
|
| 583 |
|
|
|a last modification
|c 19950707 00:00:00
|k Rodrigo Vera
|
| 490 |
0 |
|
|a Vox
|
| 999 |
|
|
|c 236208
|d 236206
|
| 952 |
|
|
|0 0
|1 0
|4 0
|6 372_410000000000000_GIL_1974
|7 0
|8 P
|9 244151
|a BIBEDU
|b BIBEDU
|c BIBEDU_PB
|d 2019-11-18
|i 1527495
|o 372.41 GIL 1974
|p 1527495
|r 2024-01-25
|w 2019-11-18
|y BK
|k EDU
|
| 952 |
|
|
|0 0
|1 0
|4 0
|6 372_410000000000000_GIL_1974
|7 0
|8 P
|9 244152
|a BIBEDU
|b BIBEDU
|c BIBEDU_PB
|d 2019-11-18
|i 1527509
|o 372.41 GIL 1974
|p 1527509
|r 2024-01-25
|w 2019-11-18
|y BK
|k EDU
|
| 952 |
|
|
|0 0
|1 0
|4 0
|6 372_410000000000000_GIL_1974
|7 0
|8 P
|9 244153
|a BIBEDU
|b BIBEDU
|c BIBEDU_PB
|d 2019-11-18
|i 1401432
|o 372.41 GIL 1974
|p 1401432
|r 2024-01-25
|w 2019-11-18
|y BK
|k LIT
|
| 952 |
|
|
|0 0
|1 0
|4 0
|6 372_410000000000000_GIL_1974
|7 0
|8 A
|9 244154
|a FDOPOS
|b FDOPOS
|d 2019-11-18
|i 3690725
|o 372.41 GIL 1974
|p 3690725
|r 2025-01-22
|w 2019-11-18
|y BK
|k MLA
|